00814nam a22001577a 4500008004100000020001800041050002500059100004900084245011000133260005800243300001800301500006200319505020000381650003300581650004200614140428s2014 mx ||||| |||| 00| 0 spa d a9786078282413 aHV6626.23 bC27 2014 aCaballero Gutiérrez, Miguel Ángeleautor aEstudio cualitativo sobre violencia familiar en los adolescentesc/ Miguel Ángel, Caballero Gutiérrez aMéxicob: Instituto Mexicano de la Juventudc, 2014 a179 páginas aIncluye: Indice, Prefacio, Introducción, Bibliografía aViolencia: problematización y distingos Familia y violencia Adolescencia Método: Planteamiento del problema; Objetivos; Sobre el método Resultados Discusión y reflexiones finales aVIOLENCIA FAMILIARzMÉXICO aADOLESCENCIAxVIOLENCIA EN LA FAMILIA